<?xml version="1.0" encoding="UTF-8"?>
<collection xmlns="http://www.loc.gov/MARC21/slim">
 <record>
  <leader>00390pamaa2200133   4500</leader>
  <controlfield tag="001">0000049011</controlfield>
  <controlfield tag="005">20110504090000.0</controlfield>
  <controlfield tag="008">110504                             eng  </controlfield>
  <datafield tag="022" ind1="0" ind2="0">
   <subfield code="a">00077135</subfield>
  </datafield>
  <datafield tag="245" ind1="0" ind2="0">
   <subfield code="a">Business for Sale Magazine : </subfield>
   <subfield code="b">2008 / 2009.</subfield>
  </datafield>
  <datafield tag="260" ind1="0" ind2="0">
   <subfield code="a">Shah Alam: </subfield>
   <subfield code="b">Supreme Centennial, </subfield>
   <subfield code="c">2008-.</subfield>
  </datafield>
  <datafield tag="300" ind1=" " ind2=" ">
   <subfield code="a">v.: </subfield>
   <subfield code="b">ill.; </subfield>
   <subfield code="c">31 cm.</subfield>
  </datafield>
  <datafield tag="650" ind1="0" ind2="0">
   <subfield code="a">Business -- </subfield>
   <subfield code="x">Periodicals </subfield>
  </datafield>
  <datafield tag="901" ind1=" " ind2=" ">
   <subfield code="u">www.bfsmagazine.com</subfield>
  </datafield>
 </record>
</collection>
